000 00574nam a2200193Ia 4500
005 20250326140532.0
008 250326s9999 xx 000 0 und d
020 _a0-87584-819-2
037 _aTextbook
040 _aFMSL
_beng
_cFMSL
041 _aeng
_2eng
084 _aX:89A N9
_qFMSL
100 _aPineii B J
_9742510
245 0 _aExperience economy: work is theatre and every business a stage
_cPineii B J; Gilmore J H
260 _aBoston
_bBoston, H.B. School Press
_c1999
300 _a254p
942 _cTB
_hX:89A N9
999 _c1286204
_d1286204